| 000 | 00966cab a2200217 4500 | ||
|---|---|---|---|
| 001 | X88047 | ||
| 008 | 090401t1997 xxu||||| |||| 00| 0 eng d | ||
| 035 | _a(Sirsi) u82429 | ||
| 041 | _aeng | ||
| 245 | _aForrester v SoS Environment and South Buckinghamshire DC | ||
| 260 | _c1997 | ||
| 350 | _a0 | ||
| 490 |
_aProperty, planning & compensation reports _v(1997) 74 P&CR 434-442(9) |
||
| 520 | _aQBD 14 March 1997. Town and Country Planning - enforcement notice alleging change of use - identification of planning unit - earlier Inspector`s decision letter relating to an enforcement notice covering part of appeal site finding that a planning unit already decided by first Inspector - enforcement notice quashed - HEADNOTE | ||
| 650 | _aENFORCEMENT NOTICE | ||
| 650 | _aFORRESTER V SOS ENVIRONMENT AND SOUTH BUCKINGHAMSHIRE DC | ||
| 650 | _aTOWN AND COUNTRY PLANNING | ||
| 690 | _aPLANNING LAW AND PRACTICE-CASE LAW | ||
| 942 | _n0 | ||
| 948 | _c01/12/1997 | ||
| 999 |
_c52048 _d52048 |
||